L'ombra del vulcano /
Պահպանված է:
| Հիմնական հեղինակ: | |
|---|---|
| Այլ հեղինակներ: | |
| Ձևաչափ: | Գիրք |
| Լեզու: | իտալերեն |
| Հրապարակվել է: |
Milano :
Cartacanta,
2000
|
| Շարք: | Penna & matita ;
6 |
| Ցուցիչներ: |
Չկան պիտակներ, Եղեք առաջինը, ով նշում է այս գրառումը!
|
MARC
| LEADER | 00000nam a22000007i 4500 | ||
|---|---|---|---|
| 001 | IT\ICCU\TO0\0876524 | ||
| 003 | ItRI | ||
| 005 | 20250728162843.0 | ||
| 008 | 000705s2000 it |||||| ||||| |||||c | ||
| 020 | |a 8883600460 | ||
| 040 | |b ita |c ct | ||
| 041 | 7 | |a ita |2 ISO-639-2 | |
| 100 | 1 | |a Farinetti, Gianni |0 IT\ICCU\RAVV\096498 |4 aut | |
| 245 | 1 | 2 | |a L'ombra del vulcano / |c Gianni Farinetti, Alex Cecchetti. |
| 260 | |a Milano : |b Cartacanta, |c 2000 | ||
| 300 | |a 77 p. : |b ill. ; |c 27 cm. | ||
| 700 | 1 | |a Cecchetti, Alex |0 IT\ICCU\TO0V\370783 | |
| 830 | 0 | |a Penna & matita ; |v 6 |0 IT\ICCU\FER\0179409 | |
| 942 | |2 ddc |c BK | ||
| 952 | |0 0 |1 0 |2 ddc |4 0 |6 B_LNR02FARGIOMB11 |7 0 |9 7570 |a MI |b MI |d 2011-10-03 |i 6264 |l 0 |o B-LNR02-FARGI-OMB11 |p CDOM6264 |r 2025-07-13 16:28:42 |w 2025-07-13 |x Acquisto |y BK | ||
| 981 | 1 | |6 z01 |a i |b xxxe | |
| 982 | 1 | |6 z01 |a n | |
| 999 | |c 6260 |d 6260 | ||